| 000 | 01308cam a22002054a 4500 | ||
|---|---|---|---|
| 005 | 20250605163940.0 | ||
| 008 | 250528s ||||||||||||||||||||||||d | ||
| 035 | _a14998 | ||
| 020 | _a9604053175 | ||
| 040 |
_aGR-AtMCL _bgre _dGR-AtMCL _eAACR2 |
||
| 245 | 1 | _aΜικροϋπολογιστές και PC-POS / Συγκρότηση - Λειτουργία - Εντολές | |
| 250 | _a2η | ||
| 260 |
_bΊων, _c1991 |
||
| 300 | _a144 | ||
| 520 | _aΣειρά Εφαρμοσμένης Ηλεκτρονικής & Πολιτικής. Πρόλογος, Τι είναι ο Μικρουπολογιστής, Απο τι αποτελείται το Υλικό Μέρος, Η Οθόνη, Το Πλήκτρολόγιο, Ο Εκτυπωτής, Δυαδικό Σύστημα και bits και bytes, Εισαγωγή στο PC-DOS, Η Δομή του DOS, Αρχεία και Ονόματα Αρχείων, Εσωτερικές Εντολές του DOS, Οργάνωση Δίσκου σε Καταλόγους (directory structure), Αρχεία Εντολών του DOS (BATCH FILES), EDLIN - Ο Συντάκτης των Εντολών DOS, Κυριώτερα Μηνύματα Λάθους του DOS. | ||
| 700 | 1 |
_aΣταματίου Αίγλη _9826 |
|
| 942 | _cBK | ||
| 999 |
_c604 _d604 |
||